000 00756nam a22002057a 4500
999 _c19935
_d19935
003 AR-CdUCM
008 190523b ||||| |||| 00| 0 spa d
040 _aMUNICIPALIDAD PROVINCIAL DEL CUSCO
_cBIBLIOTECA MUNICIPAL DEL CUSCO
082 _a616.89 /
_bB24
100 _aBash, K. W.
_941681
245 _aPsicopatología General :
_bCon 10 figuras, y 50 casos clínicos /
260 _aMadrid :
_bMorata,
_c1965.
300 _a478 páginas
_c24 cm.
505 _aContenido: La psicología de las facultades -- leyes estructurales psíquicas -- La psicopatía de las funciones fundamentales...
650 _aCualidades polares
_941682
650 _aEl sentir
_941683
650 _aEl impulso
_941684
942 _2ddc
_cLIBROS
945 _aJavier
_d2019-05-23